| 000 | 00576nam a22002177a 4500 | ||
|---|---|---|---|
| 003 | OSt | ||
| 005 | 20140310183125.0 | ||
| 008 | 130528t xxu||||| |||| 00| 0 eng d | ||
| 020 | _a9710868438 | ||
| 050 |
_aPL 6059 _b.Ar778 2009 |
||
| 082 |
_aFIL 808.04 _bAr6 2007 |
||
| 245 |
_aRetorika _bMasining na pagpapahayag _cArrogante, Jose A. |
||
| 260 |
_aNavotas, Metro Manila _bNavotas Press _cc2007 |
||
| 300 |
_a468 p. _c22 cm. |
||
| 521 | _aCollege students | ||
| 526 | _c1210L-1700L | ||
| 541 | _j1 | ||
| 541 | _j2 | ||
| 562 | _e2 | ||
| 942 |
_2lcc _cBK _kFIL |
||
| 999 |
_c19011 _d19011 |
||